000 00242nam a2200109Ia 4500
008 190216s9999||||xx |||||||||||||| ||und||
100 _aNair Rrc & Shekhar K C
245 0 _aCommerce
260 _bNull
_c1965
300 _a144p
942 _cBK
999 _c5193
_d5193